000 00871cam a2200253 a 4500
001 000018041
005 20200929165329.0
008 910726s1990 cu a b 001 0 spa d
035 _a(DLC) 91176676
040 _aDO-SdBNP
_bspa
_cDLC
_dBNPHU
082 _a927.91
_bB516g
100 1 _aBermúdez, Jorge R.
_939113
245 1 0 _aDe Gutenberg a Landaluze :
_bensayo /
_cJorge R. Bermúdez ; edición Georgina Pérez.
260 _aLa Habana :
_bLetras Cubanas,
_c1990.
300 _a274 p. :
_bil. ;
_c18 cm.
504 _aIncluye índice y referencias bibliográficas: (p. 252-263).
650 4 _aArtistas cubanos
_ySIGLO XV-XVIII
_939114
650 4 _aArte colonial
_zCuba
_939115
650 4 _aArtistas
_xBiografías
_939116
650 4 _aPintura colonial
_939117
700 1 _aPérez, Georgina,
_eed.
_939118
910 _aCatalogación por copia / LC
049 _aBNGR
999 _c17563
_d17563